000 00451nam a2200169Ia 4500
003 GCL
008 140319s9999 xx 000 0 eng d
040 _aGCL /
_cGCL
082 0 4 _a320.01
_bG A
100 1 _aGOODIN, ROBERT
245 1 0 _aA COMPANION TO CONTEMPORARY POLITICAL PHILOSOPHY /
_cGOODIN, ROBERT
700 1 _aPETTIT, PHILIP
260 _a[S.N] :
_bBLACK WELL ،
_c1995
300 _a679 P
650 0 4 _aPOLICY SCIENCES
942 _2ddc
_cBK
999 _c11752
_d11752